00366nam a2200133Ia 4500008004100000020001200041050002300053245005000076260003200126300001700158500002000175500002000195650001700215151021s9999 xx 000 0 und d a7291694 aHM 1033.M897 2005  a_Social Psychology (8th ed.)/ David G. Myers  aBoston : McGraw Hill, 2005  axxiv,662 p.  aIncludes index  aIncludes index  a_Psychology